000 00479cam a2200169u 4500
082 _a620.112
_bMOR
100 1 _aMorley, Arthur,
_939734
245 0 0 _aStrength of materials.
250 _a11th ed.
260 _aLondon,
_aNew York,
_bLongmans, Green
_c[1954]
300 _a532 p.
_billus.
_c23 cm.
526 _a0
_b0
_c0
_d620_112000000000000_MOR
526 _a0
_b0
_c0
_d620_112000000000000_MOR
650 0 _aMCE
_9379
650 0 _aStrength of materials.
_9563
942 _2ddc
_cBK
999 _c550043
_d550043